000 00980nam a2200265Ia 4500
003 OSt
005 20221005111527.0
006 a|||||r|||| 00| 0
007 ta
008 221004b |||||||| |||| 00| 0 hin d
020 _a812601816X (pbk)
_c80
024 _a98315
037 _b542, 19/03/2009, Vani Prakashan
_cTextual
040 _aCRL
_cCRL
_bhin
041 _2hin
_ahin
082 _aO151,1N65x, P3
100 _aझा, विद्यानन्द
_9162399
245 0 _aपराती जकॉं
246 _aParātī jakaॉan
260 _aनई दिल्ली
_bसाहित्य अकादेमी भारत
_c2003
300 _a167पृ0
_ccm.
700 _a भारद्वाज, मोहन, संपा.
942 _hO151,1N65x, P3
_cTEXL
_2cc
999 _c1022092
_d1022092